| 000 | 00858cab a2200265 4500 | ||
|---|---|---|---|
| 001 | ##L133445 | ||
| 008 | 060508n2006 000 0 eng u | ||
| 035 | _a(Sirsi) u133445 | ||
| 041 | 0 | _aeng | |
| 100 | 1 | _aGreig-Smith, Heather | |
| 245 | 0 | 0 |
_aYorkshire and north Lincolnshire _bregional |
| 260 | _c2006 | ||
| 490 | 0 |
_aProperty Week _v71(18) 5 May 2006, 73-94(10) |
|
| 520 | _aLooks at retail development in Wakefield and Sheffield; property as a sideline for Sheffield United football club, and the rejuvenation of the Jones Lang LaSalle's office in Leeds. | ||
| 590 | _aIKA090506 | ||
| 650 | 2 | 4 | _aYORKSHIRE |
| 650 | 2 | 4 | _aLINCOLNSHIRE |
| 650 | 2 | 4 | _aWAKEFIELD |
| 650 | 2 | 4 | _aSHEFFIELD |
| 650 | 2 | 4 | _aLEEDS |
| 690 | _aPROPERTY-COMMERCIAL PROPERTY-COMMERCIAL PROPERTY MARKET | ||
| 700 | 1 | _aGoldie, Anna | |
| 700 | 1 | _aUnger, Paul | |
| 942 | _n0 | ||
| 999 |
_c77011 _d77011 |
||